Advanced tire filler materials to reduce fuel consumption of commercial vehicles (Record no. 53866)

MARC details
000 -LEADER
fixed length control field 00441nam a2200157Ia 4500
100 ## - MAIN ENTRY--AUTHOR NAME
Personal name Morris Michael D.
245 #0 - TITLE STATEMENT
Title Advanced tire filler materials to reduce fuel consumption of commercial vehicles
260 ## - PUBLICATION, DISTRIBUTION, ETC. (IMPRINT)
Name of publisher Rubber World
Year of publication 2010
300 ## - PHYSICAL DESCRIPTION
Number of Pages 15-18, 25
650 ## - SUBJECT ADDED ENTRY--TOPICAL TERM
Topical Term Commercial vehicles
650 ## - SUBJECT ADDED ENTRY--TOPICAL TERM
Topical Term Fuel consumption
650 ## - SUBJECT ADDED ENTRY--TOPICAL TERM
Topical Term Tire fillers
700 ## - ADDED ENTRY--PERSONAL NAME
Personal name Theo Al
942 ## - ADDED ENTRY ELEMENTS (KOHA)
Koha item type Journals
Holdings
Withdrawn status Lost status Damaged status Not for loan Home library Current library Shelving location Date acquired Serial Enumeration / chronology Koha item type
      Journals RRII Library RRII Library Rubber technology 25/05/2010 Volume 241, Issue 5 Journals